000 00743nam a2200193 a 4500
003 0
005 20250219125451.0
008 110621s19uu xx 00 eng d
050 _aPHS QR 53
_b.Y51 2011
100 _aYim, Sung Soon.
245 _aAntibacterial property of flavonoid based toothpaste against Streptococcus mutans /
_cYim Sung Soon.
260 _aLas PiƱas City, Philippines :
_bSouthville International School and Colleges,
_c2011.
300 _a24 pages :
_bcolored illustrations ;
_c28 cm.
504 _aIncludes bibliographical references.
650 _aStretococcus mutans
_xAntibacterial
_xExperimental.
650 _aToothpaste
_xTherapeutic use.
650 _aFlavonoids
_xAntibacterial properties.
942 _2lcc
_cPASS
999 _c98574
_d98574